El Alto: los dilemas del indigenismo urbano. Entre la insurrección y el clientelismo /
Spremljeno u:
| Glavni autor: | |
|---|---|
| Daljnji autori: | |
| Format: | Tekst |
| Jezik: | Spanish |
| Izdano: |
Buenos Aires:
CLACSO. Observatorio Social de America Latina. El Colectivo
|
| Teme: | |
| Oznake: |
Dodaj oznaku
Bez oznaka, Budi prvi tko označuje ovaj zapis!
|
MARC
| LEADER | 00000 a a2200000 04500 | ||
|---|---|---|---|
| 001 | 37241 | ||
| 003 | cru IIS | ||
| 005 | 20230418114137.0 | ||
| 008 | 230418b |||||||| |||| 00| 0 spa d | ||
| 020 | |a 978-987-23514-7-2 | ||
| 040 | |c CRAI-IIS | ||
| 090 | |a BO.0003 S968b | ||
| 100 | |a Puente, Florencia |9 11125 | ||
| 245 | |a El Alto: |b los dilemas del indigenismo urbano. Entre la insurrección y el clientelismo / |c Florencia Puente | ||
| 260 | |a Buenos Aires: |b CLACSO. Observatorio Social de America Latina. El Colectivo | ||
| 300 | |a 97-124p. | ||
| 650 | |a POBLACION INDIGENA | ||
| 650 | |a MOVIMIENTOS SOCIALES | ||
| 650 | |a BOLIVIA | ||
| 700 | |a Longa, Francisco |9 11126 | ||
| 942 | |2 ddc |c LI | ||
| 999 | |c 16429 |d 16429 | ||
| 773 | 0 | |0 8921 |9 8642 |a Chávez, Patricia |d Buenos Aires: CLACSO. Observatorio Social de America Latina. El Colectivo 2007 |o 04819 |t Memoria, insurgencia y movimientos sociales / |w (cru CIDCAS/IIS)37237 |z 978-987-23514-7-2 | |



